000 00510cam a2200169 4500500
005 20260329003248.0
041 _afre
042 _adc
100 1 0 _aPersonne, Thomas
_eauthor
245 0 0 _aL’âge des transitions
260 _c2015.
500 _a77
690 _aPascal Chabot
690 _aTransition
786 0 _nPhilosophie magazine | 88 | 4 | 2015-04-01 | p. 58-58 | 1951-1787
856 4 1 _uhttps://shs.cairn.info/magazine-philosophie-magazine-2015-4-page-58?lang=fr&redirect-ssocas=7080
999 _c1822926
_d1822926